Statistics for Undertale Items

Click here to take the quiz!

General Stats

  • This quiz has been taken 13 times
  • The average score is 45 of 62

Answer Stats

TypeDescriptionEffectsAnswer% Correct
ConsumablesIt Has Already Been Used Several Times.Heals 10 HPBandage
100%
ArmorIt Has Already Been Used Several Times0 DefenseBandage
100%
Consumables##################,One sliceHeals All HPButterscotch-Cinnamon Pie
100%
ConsumablesMade With Whole Spiders,Not just the juice.Heals 24 HPSpider Cider
100%
ConsumablesA Donut Made With ########### in The BatterHeals 12 HPSpider Donut
100%
ConsumablesFor Feeding A Pet AstronautHeals 21 HPAstronaut Food
89%
ConsumablesIt's A Two Pronged Popsicle,So you can eat it twice.Heals 11 HPBisicle
89%
ConsumablesA Cinnamon Role In The Shape Of A BunnyHeals 22 HPCinnamon Bunny
89%
ArmorGlasses marred with wear.Increases INV by 9.6 DefenseCloudy Glasses
89%
ArmorThis battle-worn hat makes you want to grow a beard. It also raises ATTACK by 5.12 DefenseCowboy Hat
89%
ConsumablesRecovers HP (Hit Poodles)2/10/30/ALL HPDog Salad
89%
WeaponsAn antique revolver. It has no ammo. Must be used precisely, or damage will be lowDeals 12 DamageEmpty Gun
89%
ConsumablesA hamburger made of edible glitter and sequinsHeals 27 HPGlamburger
89%
ConsumablesLike a hot dog,but with little cat ears on the endHeals 21 HPHot Cat
89%
ConsumablesThe "meat" is made of something called a "water sausage"Heals 20 HPHot Dog...?
89%
ConsumablesComes with everything you need for a quick meal!4/15/90 HPInstant Noodles
89%
ArmorIt has seen some wear.It has some abs drawn on it7 DefenseManly Bandanna
89%
ConsumablesInstead of a joke,the wrapper says something nice.Heals 15 HPNice Cream
89%
WeaponsHere We Are!Deals 99 DamageReal Knife
89%
ConsumablesMade From Glowing Marsh Water.Increases SPEED For One battleHeals 10 HPSea Tea
89%
ConsumablesPlease take this to the ends of the earth.Heals 45 HPSnowman Piece
89%
ArmorHeals 1 HP Every Other Turn11 DefenseStained Apron
89%
ArmorThe things you can do with a college education! Raises ATTACK when worn. Recovers HP every other turn. INV up slightly20 DefenseTemmie Armor
89%
WeaponsA worn pink leather glove.For five-fingered folk.Deals 5 DamageTough Glove
89%
WeaponsMade Of Plastic.A Rarity NowadaysDeals 3 DamageToy Knife
89%
ConsumablesA psychologically damaged spinach egg pieHeals 34 HPAbandoned Quiche
78%
MiscellaneousA little white dog.Its Fast asleep...Absorbs the legendary artifact when used or dropped. Also gives the protagonist Dog Residue.Annoying Dog
78%
WeaponsThese Used shoes make you feel incredibly dangerousDeals 7 DamageBallet Shoes
78%
WeaponsDamage Is rather consistent.Consumable items heal 4 more HPDeals 10 DamageBurnt Pan
78%
MiscellaneousShiny trail left behind by a dog./Dog-shaped husk shed from a dog's carapace./Dirty dishes left unwashed by a dog./Glowing crystals secreted by a dog./Jigsaw puzzle left unfinished by a dog./Web spun by a dog to ensnare prey.Fills the inventory with more Dog Residue, with a possibility of giving Dog Salad.Dog Residue
78%
ConsumablesThe Goal Of "Determination"12/17 HPLast Dream
78%
ConsumablesSandwich Shaped Like A Sword.Increases ATTACK when eatenHeals 40 HPLegendary Hero
78%
ConsumablesHas a distinct,non-licorice flavor.Heals 10 HPMonster Candy
78%
MiscellaneousIt Is Too Bent To Fit On Your KeychainUnlocks the front door of the house next to Napstablook'sMystery Key
78%
WeaponsIts Bark is Worse Than Its BiteDeals 0 DamageStick
78%
ArmorYou can Feel it beating.99 DefenseThe Locket
78%
WeaponsContains illegible scrawls.Increases INV by 6Deals 2 DamageTorn Notebook
78%
ArmorIf you're cuter.Monsters won't hit you as hard.3 DefenseFaded Ribbon
67%
ArmorIt says "Best Friends Forever"15 DefenseHeart Locket
67%
ConsumablesFood that was probably once thrown awayHeals 17 HPJunk food
67%
ArmorFinally,a protective piece of armor10 DefenseOld tutu
67%
MiscellaneousUse to make punching attacks stronger in one battle. Use outside of battle to look at the card.Increase ATK when in battle. Three can be traded in for a free Nice Cream.Punch Card
67%
ConsumablesHeals Some HP.An Acquired TasteHeals All (-1) HPSnail Pie
67%
ConsumablesHuge Steak In The Shape Of Mettaton's Face.You Don't Fell Like Its Made Out Of Real Meat...Heals 60 HPSteak In The Shape Of Mettaton's Face
67%
MiscellaneousLetter Written For Dr.AlphysUsed to regain access to Dr.Alphys's LabUndyne's Letter
67%
ConsumablesIt's A SINGLE-Pronged Popsicle.Wait, That's Just Normal...Heals 11 HPUnisicle
67%
WeaponsPerfect For Cutting Plants And Vines.Deals 15 DamageWorn Dagger
67%
Consumables?????-1/ALL HPBad Memory
56%
ConsumablesAn Aquatic Food,That resembles a crustaceanHeals 18 HPCrab Apple
56%
ConsumablesThis wonderful spell will stop a dog from casting magicHeals 65 HPHush Puppy
56%
ConsumablesRegular Old ###### ######.Heals 13 HPPopato Chisps
56%
ConsumablesA sweet treat made of sparkling starsHeals 14 HPStarfait
56%
ConsumablesIt's Just Torn Up Pieces Of Colored Construction PaperHeals 2 HPTemmie Flakes
56%
ConsumablesHere Is A Recipe To Make This At Home.1.Find a RockHeals 1 HPRock Candy
44%
MiscellaneousIf you are reading this, I messed up somehow.Dropping this item or viewing it in battle crashes the game0
33%
ConsumablesFried Dough Traditionally Served With A MalletHeals 15 HPCroquet Roll
33%
ConsumablesA Small Pumpkin Cooked Like Onion RingsHeals 8 HPPumpkin Rings
33%
ConsumablesMade by young pups.Heals 28 HPPuppydough IceCream
33%
MiscellaneousIt Has DON'T DROP IT written on itUsed to regain access to Dr.Alphys's LabUndyne's Letter EX
33%
ConsumablesIf eaten,it will never pass to the other sideHeals 16 HPGhost Fruit
22%
Miscellaneous(not an inventory item)Unlocks Sans's WorkshopSilver Key
22%
ConsumablesEven eating it raw,the tears just wont come.Heals 5 HPStoic Onion
22%

Score Distribution

Percentile by Number Answered

Percent of People with Each Score

Your Score History

You have not taken this quiz